| 000 | 00748nam a2200205 a 4500 | ||
|---|---|---|---|
| 003 | 0 | ||
| 005 | 20250211092954.0 | ||
| 008 | 120721s19uu xx 00 eng d | ||
| 050 |
_aPGS SB 317.5 _b.P896 2012 |
||
| 100 | _aPrado, Aljon Troy K. | ||
| 245 |
_aEffect of compost on the germination rate of Sunflower seeds / _cAljon Troy K. Prado. |
||
| 260 |
_aLas PiƱas City, Philippines : _bSouthville International School and Colleges, _c2012. |
||
| 300 |
_a15 pages : _billustrations ; _c28 cm. |
||
| 504 | _aIncludes bibliographical references. | ||
| 650 |
_aSeed germination _vSoil amendments. |
||
| 650 |
_aSeeds _vEffect of fertilizers on. |
||
| 650 |
_aSunflowers _vGermination. |
||
| 650 | _aCompost as fertilizer. | ||
| 942 |
_2lcc _cPASS |
||
| 999 |
_c98761 _d98761 |
||